000 01969nam a2200301Ia 4500
999 _c56109
_d56109
001 23210
003 GE_BSU
005 20251016145239.0
008 181216s1989||||ge |||||||||||||| ||geo||
040 _cGE_BSU
041 _ageo
080 _a94(100)"1096-1270"+94(479.22)"05/14 ა-29
100 _aავალიშვილი, ზ.
_926039
245 _aჯვაროსანთა დროიდან : ოთხი საისტორიო ნარკვევი /
_cზურაბ ავალიშვილი ; რედაქტორი გურამ მამულია ; მხატვარი ზ. კაპანაძე ; რუსთაველის საზოგადოება.
264 _aთბილისი :
_bსაბჭოთა საქართველო,
_c1989.
300 _a113 გვ. :
_b1ფ. პორტრეტი,
_c 21 სმ.
504 _aბიბლიოგრაფია ტექსტის შენიშვნებში
520 _aდავით აღმაშენებლს სრულიად საქართველოს ტახტზე აღსაყდრების 900წლისათვის აღსანიშნავად ქართველი ერისგან
541 _h3ლ.
653 _aისტორია
653 _aჯვაროსანთა დროიდან : ოთხი საისტორიო ნარკვევი
653 _aჯვაროსნული ლაშქრობები
653 _a საქართველოს შუა საუკუნეების ისტორია
700 _aმამულია, გურამ
_eრედაქტორი
_918427
700 _aკაპანაძე, ზ.
_eმხატვარი
_919050
710 _a რუსთაველის საზოგადოება
_926040
942 _cBK
_2udc